Mathematical Programming <a> Publicati of the Mathematical Programming Society

Na minha lista:
Detalhes bibliográficos
Formato: Periódico
Idioma:inglês
Publicado em: Amsterdam North-Holland 1988
Tags: Adicionar Tag
Sem tags, seja o primeiro a adicionar uma tag!

MARC

LEADER 00000nas2a2200000 4500
001 s033759
005 20250730114144.4
041 0 |a eng 
044 |a NL 
245 1 0 |a Mathematical Programming  |b <a> Publicati of the Mathematical Programming Society 
264 1 |a Amsterdam  |b North-Holland  |c 1988 
773 0 |w eu_un_cat*s120453